Ventilation and air conditioning : CIBSE guide B2 (Record no. 101754)

MARC details
000 -LEADER
fixed length control field 00999cam a2200241 4500
008 - FIXED-LENGTH DATA ELEMENTS--GENERAL INFORMATION
fixed length control field 011030n2001 000 0 eng u
020 ## - INTERNATIONAL STANDARD BOOK NUMBER
International Standard Book Number 1903287162
035 ## - SYSTEM CONTROL NUMBER
System control number (Sirsi) u115385
050 ## - LIBRARY OF CONGRESS CALL NUMBER
Classification number 697
110 ## - MAIN ENTRY--CORPORATE NAME
Corporate name or jurisdiction name as entry element Chartered Institution of Building Services Engineers
9 (RLIN) 2360
245 ## - TITLE STATEMENT
Title Ventilation and air conditioning : CIBSE guide B2
260 ## - PUBLICATION, DISTRIBUTION, ETC.
Place of publication, distribution, etc. London
Name of publisher, distributor, etc. CIBSE
Date of publication, distribution, etc. 2001
300 ## - PHYSICAL DESCRIPTION
Extent 1v.
Type of unit various pagings
Other physical details ill.
Dimensions 30cm.
350 ## - PRICE (NR) (BK AM CF MU VM SE) [OBSOLETE]
Price 78
490 ## - SERIES STATEMENT
Series statement CIBSE Guide
Volume/sequential designation B2
520 ## - SUMMARY, ETC.
Summary, etc. Updating the sections B2 and B3 of the 1986 edition of "CIBSE guide B" this guide aims to provide up to date information on the design, selection and specification of ventilation and air conditioning systems.
650 ## - SUBJECT ADDED ENTRY--TOPICAL TERM
Topical term or geographic name entry element BUILT ENVIRONMENT-BUILDING ELEMENTS-COMPLETE BUILDING SERVICES ELEMENTS-COMPLETE HEATING, VENTILATION AND AIR CONDITIONING SYSTEMS
650 ## - SUBJECT ADDED ENTRY--TOPICAL TERM
Topical term or geographic name entry element MECHANICAL VENTILATION
650 ## - SUBJECT ADDED ENTRY--TOPICAL TERM
Topical term or geographic name entry element NATURAL VENTILATION
650 ## - SUBJECT ADDED ENTRY--TOPICAL TERM
Topical term or geographic name entry element VENTILATION
690 ## - LOCAL SUBJECT ADDED ENTRY--TOPICAL TERM (OCLC, RLIN)
Topical term or geographic name as entry element Block management
9 (RLIN) 6220
942 ## - ADDED ENTRY ELEMENTS (KOHA)
Suppress in OPAC 0
Holdings
Withdrawn status Lost status Source of classification or shelving scheme Damaged status Not for loan Home library Current library Shelving location Date acquired Cost, normal purchase price Total Checkouts Full call number Barcode Date last seen Date last checked out Copy number Cost, replacement price Price effective from Koha item type
    Dewey Decimal Classification     London London Folio 25/07/2002 66.30 17 F697 CHA 30066313 06/08/2019 28/09/2009 1 66.30 06/08/2019 Book